[Event "U20 Polish Youth Championship"]
[Site "Ustron"]
[Date "2019.11.25"]
[Round "3"]
[White "Pacan-Milej, Kosma"]
[Black "Janik, Igor"]
[Result "1-0"]
[Board "1"]
[WhiteElo "2315"]
[WhiteTitle "FM"]
[WhiteCountry "POL"]
[WhiteFideId "21800537"]
[WhiteEloChange "14"]
[BlackElo "2466"]
[BlackTitle "IM"]
[BlackCountry "POL"]
[BlackFideId "1159259"]
[BlackEloChange "-7"]

1. d4 {[%clk 1:30:57]} Nf6 {[%clk 1:30:53]} 2. c4 {[%clk 1:31:22]} e6 {[%clk
1:31:17]} 3. Nf3 {[%clk 1:31:43]} b6 {[%clk 1:31:33]} 4. g3 {[%clk 1:32:07]} Bb7
{[%clk 1:31:50]} 5. Bg2 {[%clk 1:32:30]} Be7 {[%clk 1:31:55]} 6. O-O {[%clk
1:32:32]} O-O {[%clk 1:32:14]} 7. Re1 {[%clk 1:32:52]} c5 {[%clk 1:31:59]} 8. d5
{[%clk 1:21:28]} exd5 {[%clk 1:32:23]} 9. Nh4 {[%clk 1:21:54]} Ne4 {[%clk
1:32:30]} 10. cxd5 {[%clk 1:22:20]} Bxh4 {[%clk 1:32:52]} 11. Bxe4 {[%clk
1:22:46]} Bf6 {[%clk 1:33:12]} 12. Nc3 {[%clk 1:23:09]} d6 {[%clk 1:32:05]} 13.
Qc2 {[%clk 1:23:15]} h6 {[%clk 1:31:25]} 14. Bg2 {[%clk 1:16:51]} Na6 {[%clk
1:31:08]} 15. Bf4 {[%clk 1:14:45]} Re8 {[%clk 1:27:43]} 16. Rad1 {[%clk 1:12:54]}
Qd7 {[%clk 1:25:02]} 17. Qb3 {[%clk 1:01:39]} Nc7 {[%clk 1:21:00]} 18. a4 {[%clk
0:59:30]} Ba6 {[%clk 1:15:58]} 19. Ne4 {[%clk 0:56:55]} Be5 {[%clk 1:11:18]} 20.
Bxe5 {[%clk 0:46:14]} Rxe5 {[%clk 1:11:37]} 21. Nc3 {[%clk 0:46:29]} Rb8 {[%clk
1:01:37]} 22. e4 {[%clk 0:44:26]} b5 {[%clk 1:01:08]} 23. f4 {[%clk 0:41:47]}
Ree8 {[%clk 0:56:37]} 24. e5 {[%clk 0:41:18]} b4 {[%clk 0:53:08]} 25. Ne4 {[%clk
0:28:21]} dxe5 {[%clk 0:52:55]} 26. d6 {[%clk 0:26:24]} Ne6 {[%clk 0:51:03]} 27.
fxe5 {[%clk 0:26:47]} Bb7 {[%clk 0:40:04]} 28. Qe3 {[%clk 0:23:08]} Bxe4 {[%clk
0:39:17]} 29. Qxe4 {[%clk 0:23:17]} Qxa4 {[%clk 0:37:58]} 30. Ra1 {[%clk
0:23:29]} Qb3 {[%clk 0:37:50]} 31. Rxa7 {[%clk 0:22:21]} Qxb2 {[%clk 0:36:50]}
32. Qf5 {[%clk 0:15:00]} Rf8 {[%clk 0:32:44]} 33. Rf1 {[%clk 0:13:37]} Nd4 {[%clk
0:29:27]} 34. Qh5 {[%clk 0:10:32]} Qb3 {[%clk 0:22:07]} 35. Re7 {[%clk 0:08:06]}
Qc4 {[%clk 0:12:00]} 36. e6 {[%clk 0:08:33]} Nxe6 {[%clk 0:12:32]} 37. Rfxf7
{[%clk 0:06:01]} Qd4+ {[%clk 0:06:16]} 38. Kh1 {[%clk 0:05:35]} b3 {[%clk
0:02:59]} 39. Bd5 {[%clk 0:01:11]} b2 {[%clk 0:01:24]} 40. Rxf8+ {[%clk 0:30:35]}
Rxf8 {[%clk 0:31:49]} 41. Rxe6 {[%clk 0:21:22]} Rf1+ {[%clk 0:25:54]} 42. Kg2
{[%clk 0:21:46]} Rf2+ {[%clk 0:21:24]} 43. Kh3 {[%clk 0:19:28]} Rxh2+ {[%clk
0:21:53]} 44. Kxh2 {[%clk 0:19:51]} Qf2+ {[%clk 0:22:21]} 45. Kh3 {[%clk
0:20:02]} Qf1+ {[%clk 0:22:41]} 46. Kg4 {[%clk 0:19:37]} Qd1+ {[%clk 0:22:57]}
47. Re2+ {[%clk 0:20:01]} 1-0

[Event "U20 Polish Youth Championship"]
[Site "Ustron"]
[Date "2019.11.25"]
[Round "3"]
[White "Godzwon, Iwo"]
[Black "Teclaf, Pawel"]
[Result "1/2-1/2"]
[Board "2"]
[WhiteElo "2275"]
[WhiteTitle "FM"]
[WhiteCountry "POL"]
[WhiteFideId "21802483"]
[WhiteEloChange "4"]
[BlackElo "2427"]
[BlackTitle "IM"]
[BlackCountry "POL"]
[BlackFideId "1185934"]
[BlackEloChange "-2"]

1. e4 {[%clk 1:30:56]} e6 {[%clk 1:30:53]} 2. d4 {[%clk 1:31:22]} d5 {[%clk
1:31:20]} 3. Nd2 {[%clk 1:31:47]} a6 {[%clk 1:31:43]} 4. Ngf3 {[%clk 1:29:44]}
Nf6 {[%clk 1:32:05]} 5. Bd3 {[%clk 1:26:54]} c5 {[%clk 1:32:10]} 6. e5 {[%clk
1:25:36]} Nfd7 {[%clk 1:32:21]} 7. c3 {[%clk 1:26:04]} Nc6 {[%clk 1:32:44]} 8.
O-O {[%clk 1:26:27]} g5 {[%clk 1:32:19]} 9. h3 {[%clk 1:25:04]} h5 {[%clk
1:30:14]} 10. g4 {[%clk 1:25:17]} hxg4 {[%clk 1:24:49]} 11. hxg4 {[%clk 1:25:44]}
Qb6 {[%clk 1:24:24]} 12. dxc5 {[%clk 1:10:38]} Qc7 {[%clk 1:00:36]} 13. Nb3
{[%clk 1:11:03]} Ndxe5 {[%clk 0:53:45]} 14. Nxe5 {[%clk 1:11:27]} Nxe5 {[%clk
0:53:02]} 15. f4 {[%clk 1:11:53]} Rh3 {[%clk 0:52:21]} 16. Be2 {[%clk 1:03:48]}
Ng6 {[%clk 0:48:42]} 17. Kg2 {[%clk 1:00:32]} Rh8 {[%clk 0:42:12]} 18. Qd4 {[%clk
0:59:52]} gxf4 {[%clk 0:32:39]} 19. Bxf4 {[%clk 0:59:40]} Nxf4+ {[%clk 0:30:29]}
20. Qxf4 {[%clk 1:00:04]} Qxf4 {[%clk 0:26:26]} 21. Rxf4 {[%clk 0:59:45]} Bd7
{[%clk 0:25:26]} 22. Raf1 {[%clk 0:58:29]} Rh7 {[%clk 0:21:28]} 23. Bd3 {[%clk
0:53:08]} Rg7 {[%clk 0:19:36]} 24. Rxf7 {[%clk 0:53:31]} Rxg4+ {[%clk 0:19:30]}
25. Kh3 {[%clk 0:45:39]} Rg8 {[%clk 0:18:42]} 26. Rh7 {[%clk 0:46:07]} e5+ {[%clk
0:14:43]} 27. Bf5 {[%clk 0:46:33]} O-O-O {[%clk 0:10:22]} 28. Rxd7 {[%clk
0:45:36]} Rxd7 {[%clk 0:10:52]} 29. Rd1 {[%clk 0:46:05]} Rh8+ {[%clk 0:08:40]}
30. Kg2 {[%clk 0:46:02]} Rh5 {[%clk 0:07:07]} 31. Bxd7+ {[%clk 0:46:22]} Kxd7
{[%clk 0:07:36]} 32. Rxd5+ {[%clk 0:46:46]} Kc6 {[%clk 0:07:45]} 33. c4 {[%clk
0:45:47]} Kc7 {[%clk 0:04:43]} 34. Nd4 {[%clk 0:40:56]} Be7 {[%clk 0:04:34]} 35.
Nf3 {[%clk 0:41:20]} Bf6 {[%clk 0:04:12]} 36. b3 {[%clk 0:41:10]} Bg7 {[%clk
0:03:03]} 37. Kg3 {[%clk 0:40:45]} Rh1 {[%clk 0:02:33]} 38. Kg4 {[%clk 0:36:01]}
Rf1 {[%clk 0:01:40]} 39. Nxe5 {[%clk 0:19:52]} Bxe5 {[%clk 0:01:57]} 40. Rxe5
{[%clk 0:50:18]} Rf2 {[%clk 0:31:42]} 41. b4 {[%clk 0:49:13]} Rxa2 {[%clk
0:30:45]} 42. Re7+ {[%clk 0:48:08]} 1/2-1/2

[Event "U20 Polish Youth Championship"]
[Site "Ustron"]
[Date "2019.11.25"]
[Round "3"]
[White "Kokoszczynski, Jan"]
[Black "Chylewski, Patryk"]
[Result "1/2-1/2"]
[Board "3"]
[WhiteElo "2264"]
[WhiteCountry "POL"]
[WhiteFideId "1174460"]
[WhiteEloChange "2"]
[BlackElo "2348"]
[BlackTitle "FM"]
[BlackCountry "POL"]
[BlackFideId "1186191"]
[BlackEloChange "-2"]

1. d4 {[%clk 1:30:16]} Nf6 {[%clk 1:30:47]} 2. c4 {[%clk 1:30:01]} g6 {[%clk
1:31:03]} 3. Nc3 {[%clk 1:28:51]} d5 {[%clk 1:31:12]} 4. cxd5 {[%clk 1:28:40]}
Nxd5 {[%clk 1:31:35]} 5. e4 {[%clk 1:28:52]} Nxc3 {[%clk 1:31:58]} 6. bxc3 {[%clk
1:29:16]} Bg7 {[%clk 1:32:06]} 7. Nf3 {[%clk 1:26:09]} c5 {[%clk 1:32:19]} 8. Rb1
{[%clk 1:26:03]} O-O {[%clk 1:32:14]} 9. Be2 {[%clk 1:26:27]} cxd4 {[%clk
1:32:21]} 10. cxd4 {[%clk 1:26:49]} Qa5+ {[%clk 1:32:44]} 11. Bd2 {[%clk
1:24:02]} Qxa2 {[%clk 1:32:53]} 12. O-O {[%clk 1:24:07]} Bg4 {[%clk 1:33:00]} 13.
Rxb7 {[%clk 1:21:30]} Bxf3 {[%clk 1:24:39]} 14. Bxf3 {[%clk 1:21:48]} Bxd4 {[%clk
1:24:34]} 15. e5 {[%clk 1:18:21]} Na6 {[%clk 1:21:35]} 16. Be3 {[%clk 1:13:29]}
Bxe3 {[%clk 1:18:03]} 17. fxe3 {[%clk 1:12:21]} Rad8 {[%clk 1:10:03]} 18. Qa1
{[%clk 1:11:13]} Qxa1 {[%clk 1:08:19]} 19. Rxa1 {[%clk 1:10:37]} Nc5 {[%clk
1:07:58]} 20. Rxe7 {[%clk 1:10:08]} Rfe8 {[%clk 1:05:54]} 21. Raxa7 {[%clk
1:09:45]} Rxe7 {[%clk 1:06:03]} 22. Rxe7 {[%clk 1:10:10]} Kf8 {[%clk 1:05:20]}
23. Ra7 {[%clk 1:10:20]} Re8 {[%clk 1:05:17]} 24. Bd5 {[%clk 1:08:06]} Re7 {[%clk
1:05:08]} 25. Ra8+ {[%clk 1:07:06]} Kg7 {[%clk 1:05:24]} 26. e6 {[%clk 1:07:31]}
Nxe6 {[%clk 1:05:34]} 27. Bxe6 {[%clk 1:07:57]} Rxe6 {[%clk 1:05:58]} 28. Kf2
{[%clk 1:08:23]} h5 {[%clk 1:06:11]} 29. Kf3 {[%clk 1:08:29]} Rb6 {[%clk
1:06:32]} 30. Ra4 {[%clk 1:08:36]} Rf6+ {[%clk 1:06:55]} 31. Ke2 {[%clk 1:09:02]}
Rb6 {[%clk 1:07:21]} 32. Kf3 {[%clk 1:09:29]} Rf6+ {[%clk 1:07:48]} 33. Ke2
{[%clk 1:09:56]} Rb6 {[%clk 1:08:14]} 1/2-1/2

[Event "U20 Polish Youth Championship"]
[Site "Ustron"]
[Date "2019.11.25"]
[Round "3"]
[White "Niedbala, Bartlomiej"]
[Black "Zylka, Stanislaw"]
[Result "0-1"]
[Board "4"]
[WhiteElo "2239"]
[WhiteCountry "POL"]
[WhiteFideId "21834008"]
[WhiteEloChange "-7"]
[BlackElo "2333"]
[BlackTitle "FM"]
[BlackCountry "POL"]
[BlackFideId "1189654"]
[BlackEloChange "7"]

1. d4 {[%clk 1:30:57]} Nf6 {[%clk 1:30:53]} 2. Nf3 {[%clk 1:31:22]} d5 {[%clk
1:31:10]} 3. c4 {[%clk 1:29:51]} e6 {[%clk 1:31:12]} 4. g3 {[%clk 1:28:26]} dxc4
{[%clk 1:31:34]} 5. Bg2 {[%clk 1:27:41]} a6 {[%clk 1:31:38]} 6. O-O {[%clk
1:25:33]} Nc6 {[%clk 1:31:59]} 7. e3 {[%clk 1:21:26]} Rb8 {[%clk 1:31:14]} 8.
Nfd2 {[%clk 1:11:17]} Qd7 {[%clk 1:25:24]} 9. Nxc4 {[%clk 1:02:39]} b5 {[%clk
1:25:39]} 10. Ncd2 {[%clk 1:00:22]} Bb7 {[%clk 1:24:26]} 11. Nc3 {[%clk 1:00:17]}
Be7 {[%clk 1:22:24]} 12. Nb3 {[%clk 0:47:13]} O-O {[%clk 1:20:53]} 13. e4 {[%clk
0:44:43]} Rbd8 {[%clk 1:16:46]} 14. Be3 {[%clk 0:38:49]} Qc8 {[%clk 1:15:56]} 15.
Qe2 {[%clk 0:36:31]} Rfe8 {[%clk 1:15:33]} 16. Rac1 {[%clk 0:34:40]} Qa8 {[%clk
1:15:21]} 17. f4 {[%clk 0:33:10]} Bb4 {[%clk 1:11:52]} 18. e5 {[%clk 0:29:17]}
Nd7 {[%clk 1:06:56]} 19. d5 {[%clk 0:16:09]} Na5 {[%clk 1:03:45]} 20. dxe6 {[%clk
0:11:05]} fxe6 {[%clk 1:03:37]} 21. Nxa5 {[%clk 0:09:40]} Bxa5 {[%clk 1:03:42]}
22. Bxb7 {[%clk 0:07:24]} Qxb7 {[%clk 1:03:57]} 23. Qg2 {[%clk 0:07:48]} Qxg2+
{[%clk 0:59:29]} 24. Kxg2 {[%clk 0:08:17]} Nb6 {[%clk 0:54:37]} 25. Bxb6 {[%clk
0:05:42]} Bxb6 {[%clk 0:55:01]} 26. Ne4 {[%clk 0:03:57]} Rd4 {[%clk 0:54:17]} 27.
Rfe1 {[%clk 0:04:26]} h6 {[%clk 0:47:04]} 28. Re2 {[%clk 0:03:59]} Kf7 {[%clk
0:45:40]} 29. Nc5 {[%clk 0:02:00]} a5 {[%clk 0:45:44]} 30. Nb3 {[%clk 0:01:43]}
Rd5 {[%clk 0:45:54]} 31. Rd2 {[%clk 0:00:59]} Rxd2+ {[%clk 0:44:33]} 32. Nxd2
{[%clk 0:01:28]} Rd8 {[%clk 0:44:43]} 33. Nf1 {[%clk 0:00:55]} Rd3 {[%clk
0:42:44]} 34. Rc2 {[%clk 0:00:34]} Rd1 {[%clk 0:41:30]} 35. Nd2 {[%clk 0:01:03]}
g5 {[%clk 0:32:24]} 36. fxg5 {[%clk 0:00:40]} hxg5 {[%clk 0:32:52]} 37. g4 {[%clk
0:00:35]} Rg1+ {[%clk 0:32:45]} 38. Kf3 {[%clk 0:00:54]} Re1 {[%clk 0:32:58]} 39.
Rc3 {[%clk 0:00:31]} Rxe5 {[%clk 0:32:41]} 40. Ne4 {[%clk 0:30:36]} Rd5 {[%clk
1:02:52]} 41. Ke2 {[%clk 0:27:40]} a4 {[%clk 0:58:51]} 42. Rf3+ {[%clk 0:16:10]}
Kg7 {[%clk 0:58:20]} 43. Rd3 {[%clk 0:12:49]} Kg6 {[%clk 0:52:10]} 44. b3 {[%clk
0:11:45]} axb3 {[%clk 0:51:44]} 45. axb3 {[%clk 0:12:01]} Bd4 {[%clk 0:51:37]}
46. b4 {[%clk 0:11:19]} Be5 {[%clk 0:46:16]} 47. h3 {[%clk 0:09:37]} Bd6 {[%clk
0:45:54]} 48. Nc3 {[%clk 0:09:41]} Rxd3 {[%clk 0:43:20]} 49. Kxd3 {[%clk
0:10:07]} c6 {[%clk 0:43:37]} 50. Ne2 {[%clk 0:07:07]} Bxb4 {[%clk 0:41:51]} 51.
Nd4 {[%clk 0:07:30]} Kf6 {[%clk 0:41:40]} 52. Nxc6 {[%clk 0:06:35]} Bc5 {[%clk
0:41:15]} 53. Ke4 {[%clk 0:05:07]} Bb6 {[%clk 0:38:06]} 54. Kd3 {[%clk 0:01:59]}
Bf2 {[%clk 0:35:09]} 55. Ke4 {[%clk 0:00:35]} Be1 {[%clk 0:35:15]} 56. Nd4 {[%clk
0:00:32]} b4 {[%clk 0:35:28]} 57. Nb3 {[%clk 0:00:59]} Ke7 {[%clk 0:35:20]} 58.
Nd4 {[%clk 0:00:47]} Bc3 {[%clk 0:34:51]} 59. Nb3 {[%clk 0:00:33]} Kd6 {[%clk
0:35:08]} 60. Nc1 {[%clk 0:00:31]} Kc5 {[%clk 0:35:10]} 61. Kd3 {[%clk 0:00:33]}
Kd5 {[%clk 0:35:16]} 62. Nb3 {[%clk 0:00:50]} e5 {[%clk 0:35:33]} 63. Na5 {[%clk
0:00:33]} e4+ {[%clk 0:35:56]} 64. Ke2 {[%clk 0:00:58]} Bd4 {[%clk 0:36:09]} 65.
Nb3 {[%clk 0:00:36]} Bb6 {[%clk 0:36:12]} 66. Nd2 {[%clk 0:00:31]} Kd4 {[%clk
0:36:23]} 67. Kd1 {[%clk 0:00:32]} Kd3 {[%clk 0:36:31]} 68. Nb3 {[%clk 0:00:35]}
Be3 {[%clk 0:36:17]} 69. Na1 {[%clk 0:00:35]} Kc3 {[%clk 0:36:32]} 70. Nc2 {[%clk
0:00:41]} Bf4 {[%clk 0:36:56]} 0-1

[Event "U20 Polish Youth Championship"]
[Site "Ustron"]
[Date "2019.11.25"]
[Round "3"]
[White "Tomczak, Mikolaj"]
[Black "Karpus, Michal"]
[Result "1-0"]
[Board "5"]
[WhiteElo "2437"]
[WhiteTitle "FM"]
[WhiteCountry "POL"]
[WhiteFideId "1175114"]
[WhiteEloChange "3"]
[BlackElo "2312"]
[BlackTitle "FM"]
[BlackCountry "POL"]
[BlackFideId "1174088"]
[BlackEloChange "-7"]

1. d4 {[%clk 1:30:58]} Nf6 {[%clk 1:30:49]} 2. Bg5 {[%clk 1:31:24]} d5 {[%clk
1:30:30]} 3. e3 {[%clk 1:31:49]} e6 {[%clk 1:29:41]} 4. Nd2 {[%clk 1:31:48]} Nbd7
{[%clk 1:28:19]} 5. f4 {[%clk 1:30:37]} c5 {[%clk 1:23:02]} 6. c3 {[%clk
1:30:46]} a6 {[%clk 1:18:21]} 7. Ngf3 {[%clk 1:29:56]} b5 {[%clk 1:17:39]} 8. Ne5
{[%clk 1:27:19]} Qb6 {[%clk 1:10:01]} 9. Bd3 {[%clk 1:25:34]} Bd6 {[%clk
1:03:38]} 10. O-O {[%clk 1:24:10]} h6 {[%clk 1:01:17]} 11. Bh4 {[%clk 1:23:44]}
a5 {[%clk 0:50:59]} 12. Qe1 {[%clk 1:19:59]} O-O {[%clk 0:45:45]} 13. g4 {[%clk
1:11:08]} Ne8 {[%clk 0:36:33]} 14. g5 {[%clk 1:09:31]} f6 {[%clk 0:30:16]} 15.
Ng6 {[%clk 0:54:27]} Rf7 {[%clk 0:27:37]} 16. gxh6 {[%clk 0:53:35]} gxh6 {[%clk
0:27:03]} 17. Kh1 {[%clk 0:48:45]} f5 {[%clk 0:26:07]} 18. Rg1 {[%clk 0:46:56]}
Ng7 {[%clk 0:24:24]} 19. Nf3 {[%clk 0:45:13]} Ra7 {[%clk 0:18:58]} 20. Qg3 {[%clk
0:42:20]} c4 {[%clk 0:11:26]} 21. Be2 {[%clk 0:41:11]} Nf6 {[%clk 0:09:45]} 22.
Bxf6 {[%clk 0:41:24]} Rxf6 {[%clk 0:10:04]} 23. Qh4 {[%clk 0:41:45]} Qd8 {[%clk
0:08:47]} 24. Qxh6 {[%clk 0:41:51]} Rxg6 {[%clk 0:08:57]} 25. Rxg6 {[%clk
0:42:14]} Bf8 {[%clk 0:09:19]} 26. Ng5 {[%clk 0:42:26]} 1-0

[Event "U20 Polish Youth Championship"]
[Site "Ustron"]
[Date "2019.11.25"]
[Round "3"]
[White "Kowalski, Igor"]
[Black "Wisniewski, Michal"]
[Result "1-0"]
[Board "6"]
[WhiteElo "2346"]
[WhiteTitle "FM"]
[WhiteCountry "POL"]
[WhiteFideId "1172468"]
[WhiteEloChange "5"]
[BlackElo "2158"]
[BlackCountry "POL"]
[BlackFideId "1159682"]
[BlackEloChange "-5"]

1. d4 {[%clk 1:30:59]} Nf6 {[%clk 1:24:56]} 2. c4 {[%clk 1:31:26]} e6 {[%clk
1:25:22]} 3. Nc3 {[%clk 1:30:37]} d5 {[%clk 1:25:45]} 4. Nf3 {[%clk 1:29:40]} c5
{[%clk 1:26:09]} 5. cxd5 {[%clk 1:29:56]} Nxd5 {[%clk 1:26:35]} 6. e4 {[%clk
1:30:08]} Nxc3 {[%clk 1:27:00]} 7. bxc3 {[%clk 1:30:36]} cxd4 {[%clk 1:27:24]} 8.
cxd4 {[%clk 1:31:02]} Bb4+ {[%clk 1:27:51]} 9. Bd2 {[%clk 1:31:28]} Bxd2+ {[%clk
1:28:17]} 10. Qxd2 {[%clk 1:31:55]} O-O {[%clk 1:28:41]} 11. Bc4 {[%clk 1:32:23]}
Nd7 {[%clk 1:29:07]} 12. O-O {[%clk 1:32:48]} b6 {[%clk 1:29:35]} 13. Rfe1 {[%clk
1:32:23]} Bb7 {[%clk 1:29:41]} 14. Rad1 {[%clk 1:31:50]} Rc8 {[%clk 1:30:06]} 15.
Bb3 {[%clk 1:23:44]} Re8 {[%clk 1:30:18]} 16. Qf4 {[%clk 1:19:17]} Nf6 {[%clk
1:30:43]} 17. d5 {[%clk 1:15:43]} exd5 {[%clk 1:21:12]} 18. e5 {[%clk 1:16:04]}
Nd7 {[%clk 1:20:30]} 19. Ng5 {[%clk 1:09:22]} f6 {[%clk 0:59:34]} 20. Rxd5 {[%clk
1:09:31]} fxg5 {[%clk 0:55:50]} 21. Rxd7+ {[%clk 1:09:57]} Kh8 {[%clk 0:56:16]}
22. Qd2 {[%clk 1:10:13]} 1-0

[Event "U20 Polish Youth Championship"]
[Site "Ustron"]
[Date "2019.11.25"]
[Round "3"]
[White "Mis, Mieszko"]
[Black "Koziol, Kamil"]
[Result "1/2-1/2"]
[Board "7"]
[WhiteElo "2328"]
[WhiteTitle "FM"]
[WhiteCountry "POL"]
[WhiteFideId "1196448"]
[WhiteEloChange "-1"]
[BlackElo "2289"]
[BlackTitle "FM"]
[BlackCountry "POL"]
[BlackFideId "1161555"]
[BlackEloChange "1"]

1. d4 {[%clk 1:30:51]} Nf6 {[%clk 1:30:49]} 2. c4 {[%clk 1:30:56]} e6 {[%clk
1:31:10]} 3. Nf3 {[%clk 1:31:20]} d5 {[%clk 1:31:33]} 4. Nc3 {[%clk 1:30:48]} Bb4
{[%clk 1:31:15]} 5. Qa4+ {[%clk 1:30:59]} Nc6 {[%clk 1:31:37]} 6. e3 {[%clk
1:31:10]} O-O {[%clk 1:25:52]} 7. Qc2 {[%clk 1:31:24]} Re8 {[%clk 1:22:00]} 8.
Bd2 {[%clk 1:31:16]} Bf8 {[%clk 1:02:06]} 9. Rd1 {[%clk 1:16:07]} e5 {[%clk
0:55:30]} 10. dxe5 {[%clk 0:48:40]} Nxe5 {[%clk 0:55:33]} 11. Nxe5 {[%clk
0:42:04]} Rxe5 {[%clk 0:55:54]} 12. cxd5 {[%clk 0:42:29]} Bf5 {[%clk 0:43:57]}
13. Bd3 {[%clk 0:24:27]} Bxd3 {[%clk 0:42:32]} 14. Qxd3 {[%clk 0:24:54]} Nxd5
{[%clk 0:41:49]} 15. O-O {[%clk 0:24:50]} Nxc3 {[%clk 0:31:17]} 16. Bxc3 {[%clk
0:23:54]} Qxd3 {[%clk 0:31:34]} 17. Rxd3 {[%clk 0:24:18]} Re6 {[%clk 0:31:03]}
18. Rfd1 {[%clk 0:23:12]} Bd6 {[%clk 0:29:50]} 19. Rd5 {[%clk 0:22:31]} Rae8
{[%clk 0:28:44]} 20. R5d3 {[%clk 0:22:05]} f5 {[%clk 0:27:01]} 21. g3 {[%clk
0:21:36]} g6 {[%clk 0:27:16]} 22. Kg2 {[%clk 0:21:46]} Kf7 {[%clk 0:27:20]} 23.
Rd5 {[%clk 0:20:13]} Re4 {[%clk 0:27:01]} 24. R5d3 {[%clk 0:20:27]} R4e6 {[%clk
0:27:26]} 25. Rd5 {[%clk 0:20:51]} Re4 {[%clk 0:27:52]} 26. R5d3 {[%clk 0:21:15]}
R4e6 {[%clk 0:28:14]} 27. Rd5 {[%clk 0:21:40]} Re4 {[%clk 0:28:40]} 28. R5d3
{[%clk 0:22:06]} R4e6 {[%clk 0:29:07]} 29. Rd5 {[%clk 0:22:30]} Re4 {[%clk
0:29:33]} 30. R5d3 {[%clk 0:22:57]} R4e6 {[%clk 0:29:57]} 31. Rd5 {[%clk
0:23:21]} 1/2-1/2

[Event "U20 Polish Youth Championship"]
[Site "Ustron"]
[Date "2019.11.25"]
[Round "3"]
[White "Jarzebowski, Kacper"]
[Black "Fus, Jakub"]
[Result "0-1"]
[Board "8"]
[WhiteElo "2079"]
[WhiteCountry "POL"]
[WhiteFideId "1184954"]
[WhiteEloChange "-3"]
[BlackElo "2363"]
[BlackTitle "FM"]
[BlackCountry "POL"]
[BlackFideId "1193023"]
[BlackEloChange "3"]

1. c4 {[%clk 1:30:56]} e6 {[%clk 1:30:42]} 2. Nf3 {[%clk 1:30:58]} Nf6 {[%clk
1:31:00]} 3. d4 {[%clk 1:30:34]} d5 {[%clk 1:31:05]} 4. g3 {[%clk 1:28:22]} dxc4
{[%clk 1:31:14]} 5. Bg2 {[%clk 1:28:26]} a6 {[%clk 1:30:47]} 6. O-O {[%clk
1:28:37]} Nc6 {[%clk 1:31:06]} 7. Nc3 {[%clk 1:26:29]} Bb4 {[%clk 1:25:16]} 8.
Bg5 {[%clk 1:25:59]} O-O {[%clk 1:21:20]} 9. e3 {[%clk 1:22:36]} h6 {[%clk
1:09:22]} 10. Bxf6 {[%clk 1:22:40]} Qxf6 {[%clk 1:09:44]} 11. Qe2 {[%clk
1:22:22]} Bd7 {[%clk 0:55:15]} 12. Qxc4 {[%clk 1:21:21]} Bxc3 {[%clk 0:48:55]}
13. Qxc3 {[%clk 1:21:00]} Qe7 {[%clk 0:43:07]} 14. a3 {[%clk 1:18:25]} Rfc8
{[%clk 0:42:54]} 15. Rfd1 {[%clk 1:15:54]} Rab8 {[%clk 0:40:07]} 16. Rac1 {[%clk
1:12:41]} Be8 {[%clk 0:32:58]} 17. e4 {[%clk 0:58:02]} Na7 {[%clk 0:32:43]} 18.
Qc5 {[%clk 0:45:59]} Qxc5 {[%clk 0:33:05]} 19. Rxc5 {[%clk 0:46:13]} b6 {[%clk
0:27:42]} 20. Rc4 {[%clk 0:41:48]} c5 {[%clk 0:27:31]} 21. Rdc1 {[%clk 0:41:23]}
Rd8 {[%clk 0:18:14]} 22. dxc5 {[%clk 0:38:59]} bxc5 {[%clk 0:18:33]} 23. Rxc5
{[%clk 0:39:28]} Rxb2 {[%clk 0:18:41]} 24. Rc7 {[%clk 0:38:24]} Nb5 {[%clk
0:14:55]} 25. Rc8 {[%clk 0:38:43]} Rxc8 {[%clk 0:15:07]} 26. Rxc8 {[%clk
0:38:49]} Kf8 {[%clk 0:15:11]} 27. Bf1 {[%clk 0:36:15]} Nd6 {[%clk 0:11:08]} 28.
Ra8 {[%clk 0:34:04]} Nxe4 {[%clk 0:11:33]} 29. Rxa6 {[%clk 0:31:49]} Rxf2 {[%clk
0:10:34]} 30. Nd4 {[%clk 0:31:23]} Rd2 {[%clk 0:07:58]} 31. Nf3 {[%clk 0:27:17]}
Rf2 {[%clk 0:06:58]} 32. Nd4 {[%clk 0:27:43]} Rd2 {[%clk 0:07:26]} 33. Nf3 {[%clk
0:27:49]} Rd1 {[%clk 0:07:41]} 34. a4 {[%clk 0:27:08]} Ra1 {[%clk 0:07:44]} 35.
Ra8 {[%clk 0:27:35]} Ke7 {[%clk 0:07:13]} 36. Kg2 {[%clk 0:23:36]} Bc6 {[%clk
0:07:27]} 37. Ra6 {[%clk 0:22:45]} Bd5 {[%clk 0:07:32]} 38. Ra7+ {[%clk 0:22:15]}
Kf6 {[%clk 0:07:57]} 39. h4 {[%clk 0:17:15]} Nd2 {[%clk 0:08:03]} 40. Be2 {[%clk
0:47:37]} Nxf3 {[%clk 0:38:29]} 0-1

[Event "U20 Polish Youth Championship"]
[Site "Ustron"]
[Date "2019.11.25"]
[Round "3"]
[White "Kozak, Antoni"]
[Black "Czopor, Maciej"]
[Result "1/2-1/2"]
[Board "9"]
[WhiteElo "2350"]
[WhiteCountry "POL"]
[WhiteFideId "21832030"]
[WhiteEloChange "-3"]
[BlackElo "2227"]
[BlackCountry "POL"]
[BlackFideId "21805431"]
[BlackEloChange "3"]

1. e4 {[%clk 1:30:30]} c5 {[%clk 1:30:54]} 2. Nf3 {[%clk 1:30:30]} e6 {[%clk
1:31:09]} 3. d4 {[%clk 1:30:54]} cxd4 {[%clk 1:31:09]} 4. Nxd4 {[%clk 1:30:54]}
Nc6 {[%clk 1:31:24]} 5. Nc3 {[%clk 1:30:59]} d6 {[%clk 1:30:42]} 6. Be3 {[%clk
1:26:53]} a6 {[%clk 1:28:18]} 7. Qd2 {[%clk 1:27:13]} Nf6 {[%clk 1:25:04]} 8. f3
{[%clk 1:27:07]} Be7 {[%clk 1:22:04]} 9. O-O-O {[%clk 1:27:07]} O-O {[%clk
1:18:49]} 10. g4 {[%clk 1:26:15]} Nd7 {[%clk 1:17:42]} 11. h4 {[%clk 1:25:23]}
Nde5 {[%clk 1:08:41]} 12. Be2 {[%clk 1:16:17]} b5 {[%clk 0:57:25]} 13. Nxc6
{[%clk 1:14:27]} Nxc6 {[%clk 0:57:24]} 14. Kb1 {[%clk 1:07:23]} b4 {[%clk
0:41:53]} 15. Na4 {[%clk 1:07:48]} Rb8 {[%clk 0:41:58]} 16. g5 {[%clk 1:03:09]}
Bd7 {[%clk 0:38:40]} 17. b3 {[%clk 1:02:06]} Qc7 {[%clk 0:37:17]} 18. h5 {[%clk
0:56:35]} Rfd8 {[%clk 0:19:58]} 19. g6 {[%clk 0:55:01]} Be8 {[%clk 0:14:05]} 20.
Rdg1 {[%clk 0:46:44]} Bf6 {[%clk 0:10:16]} 21. gxh7+ {[%clk 0:42:44]} Kxh7 {[%clk
0:08:47]} 22. Bg5 {[%clk 0:42:01]} Qe7 {[%clk 0:08:15]} 23. f4 {[%clk 0:42:26]}
Na7 {[%clk 0:04:50]} 24. Bd3 {[%clk 0:41:11]} Kh8 {[%clk 0:04:34]} 25. Qe3 {[%clk
0:36:50]} Bxa4 {[%clk 0:04:37]} 26. e5 {[%clk 0:27:04]} dxe5 {[%clk 0:04:31]} 27.
fxe5 {[%clk 0:27:02]} Bxg5 {[%clk 0:04:08]} 28. Rxg5 {[%clk 0:27:16]} Rxd3 {[%clk
0:01:15]} 29. cxd3 {[%clk 0:27:16]} Bc6 {[%clk 0:01:18]} 30. Rhg1 {[%clk
0:27:41]} Rg8 {[%clk 0:01:28]} 31. R5g4 {[%clk 0:19:08]} Kh7 {[%clk 0:01:11]} 32.
Qg3 {[%clk 0:19:11]} Qf8 {[%clk 0:01:09]} 33. Rf4 {[%clk 0:18:29]} Qe7 {[%clk
0:01:08]} 34. Rg4 {[%clk 0:16:27]} Qf8 {[%clk 0:01:27]} 35. Rf4 {[%clk 0:16:21]}
Qe7 {[%clk 0:01:27]} 36. Rg4 {[%clk 0:15:22]} 1/2-1/2